Jesus is my all in all : (Record no. 10258)
[ view plain ]
| 000 -LEADER | |
|---|---|
| fixed length control field | 02247cam a2200385 a 4500 |
| 001 - CONTROL NUMBER | |
| control field | 15149616 |
| 003 - CONTROL NUMBER IDENTIFIER | |
| control field | OSt |
| 005 - DATE AND TIME OF LATEST TRANSACTION | |
| control field | 20210222121141.0 |
| 008 - FIXED-LENGTH DATA ELEMENTS--GENERAL INFORMATION | |
| fixed length control field | 080122s2008 nyua 000 0 eng |
| 010 ## - LIBRARY OF CONGRESS CONTROL NUMBER | |
| LC control number | 2008003022 |
| 020 ## - INTERNATIONAL STANDARD BOOK NUMBER | |
| International Standard Book Number | 9780385527255 |
| 020 ## - INTERNATIONAL STANDARD BOOK NUMBER | |
| International Standard Book Number | 038552725X |
| 035 ## - SYSTEM CONTROL NUMBER | |
| System control number | (OCoLC)191763263 |
| 035 ## - SYSTEM CONTROL NUMBER | |
| System control number | (OCoLC)ocn191763263 |
| 040 ## - CATALOGING SOURCE | |
| Original cataloging agency | DLC |
| Transcribing agency | DLC |
| Modifying agency | IG# |
| -- | BTCTA |
| -- | BAKER |
| -- | YDXCP |
| -- | IK2 |
| -- | DLC |
| 043 ## - GEOGRAPHIC AREA CODE | |
| Geographic area code | a-ii--- |
| 050 00 - LIBRARY OF CONGRESS CALL NUMBER | |
| Classification number | BX4406.5.Z8 |
| Item number | K81J |
| 082 00 - DEWEY DECIMAL CLASSIFICATION NUMBER | |
| Classification number | 242 |
| Edition number | 22 |
| Item number | K81J |
| 245 00 - TITLE STATEMENT | |
| Title | Jesus is my all in all : |
| Remainder of title | praying with "The Saint of Calcutta", Mother Teresa / |
| Statement of responsibility, etc. | edited and introduced by Brian Kolodiejchuk. |
| 246 30 - VARYING FORM OF TITLE | |
| Title proper/short title | Praying with "The Saint of Calcutta" |
| 250 ## - EDITION STATEMENT | |
| Edition statement | 1st ed. |
| 260 ## - PUBLICATION, DISTRIBUTION, ETC. | |
| Place of publication, distribution, etc. | New York : |
| Name of publisher, distributor, etc. | Doubleday, |
| Date of publication, distribution, etc. | c2008. |
| 300 ## - PHYSICAL DESCRIPTION | |
| Extent | x, 52 p. : |
| Other physical details | ill. (some col.) ; |
| Dimensions | 16 cm. |
| 500 ## - GENERAL NOTE | |
| General note | "A previous edition was privately published by The Mother Teresa Center in 2005"--T.p. verso. |
| 505 0# - FORMATTED CONTENTS NOTE | |
| Formatted contents note | Mother Teresa's call -- Jesus is my everything -- Jesus, the light to be lit -- The novena -- What is a novena? -- Favors received through the novena -- God speaks in silence -- Overview -- Prayer to blessed Teresa of Calcutta -- First day -- Know the living Jesus -- Second day -- Jesus loves you -- Third day -- Hear Him say to you: "I thirst" -- Fourth day -- Our Lady will help you -- Fifth day -- Trust Jesus blindly -- Sixth day -- True love is surrender -- Seventh day -- God loves a cheerful giver -- Eighth day -- Jesus made himself the Bread of Life and the hungry one -- Ninth day -- Holiness is Jesus living and acting in me. |
| 600 00 - SUBJECT ADDED ENTRY--PERSONAL NAME | |
| Personal name | Teresa, |
| Titles and other words associated with a name | Mother, Saint, |
| Dates associated with a name | 1910-1997. |
| 650 #0 - SUBJECT ADDED ENTRY--TOPICAL TERM | |
| Topical term or geographic name entry element | Christianity |
| Form subdivision | Prayers and devotions. |
| 700 1# - ADDED ENTRY--PERSONAL NAME | |
| Personal name | Kolodiejchuk, Brian. |
| 856 41 - ELECTRONIC LOCATION AND ACCESS | |
| Materials specified | Table of contents only |
| Uniform Resource Identifier | <a href="http://www.loc.gov/catdir/toc/ecip089/2008003022.html">http://www.loc.gov/catdir/toc/ecip089/2008003022.html</a> |
| 856 42 - ELECTRONIC LOCATION AND ACCESS | |
| Materials specified | Contributor biographical information |
| Uniform Resource Identifier | <a href="http://www.loc.gov/catdir/enhancements/fy0906/2008003022-b.html">http://www.loc.gov/catdir/enhancements/fy0906/2008003022-b.html</a> |
| 856 42 - ELECTRONIC LOCATION AND ACCESS | |
| Materials specified | Publisher description |
| Uniform Resource Identifier | <a href="http://www.loc.gov/catdir/enhancements/fy0906/2008003022-d.html">http://www.loc.gov/catdir/enhancements/fy0906/2008003022-d.html</a> |
| 906 ## - LOCAL DATA ELEMENT F, LDF (RLIN) | |
| a | 7 |
| b | cbc |
| c | orignew |
| d | 1 |
| e | ecip |
| f | 20 |
| g | y-gencatlg |
| 942 ## - ADDED ENTRY ELEMENTS (KOHA) | |
| Source of classification or shelving scheme | Dewey Decimal Classification |
| Koha item type | Books |
| Withdrawn status | Lost status | Source of classification or shelving scheme | Damaged status | Not for loan | Collection code | Home library | Current library | Shelving location | Date acquired | Total Checkouts | Full call number | Barcode | Date last seen | Price effective from | Koha item type |
|---|---|---|---|---|---|---|---|---|---|---|---|---|---|---|---|
| Dewey Decimal Classification | Non-fiction | Harvest Mission College | Harvest Mission College | General Stacks | 22.02.2021 | 242 K81J | 011837 | 22.02.2021 | 22.02.2021 | Books |
